[Event "East Lansing (MEX/2)"]
[Site "?"]
[Date "1981.??.??"]
[Round "?"]
[White "Daniel, Aaron"]
[Black "Marfia, J.."]
[Result "0-1"]
[WhiteElo "2070"]
[BlackElo "2225"]
[PlyCount "92"]
[EventDate "1981.??.??"]

1. e4 c5 2. Nf3 Nc6 3. d4 cxd4 4. Nxd4 Nf6 5. Nc3 e5 6. Nxc6 bxc6 7. a3 Bc5 8.
Be2 O-O 9. O-O h6 10. Kh1 d5 11. f4 Nxe4 12. Nxe4 dxe4 13. Qxd8 Rxd8 14. fxe5
Be6 15. c3 a5 16. h3 Rd5 17. Bf4 g5 18. c4 Rd7 19. Bc1 Bd4 20. Rb1 Bxe5 21. Be3
f5 22. b4 axb4 23. axb4 Ra2 24. Bh5 f4 25. Bc5 Rdd2 26. Rfd1 Bxc4 27. Bg6 e3
28. Be4 Bb5 29. Re1 Kg7 30. Bf3 Kf6 31. Rbc1 Bb2 32. Rb1 Bd4 33. Rbc1 Bxc5 34.
Rxc5 Rac2 35. Rc1 Rxc5 36. bxc5 e2 37. Kg1 Rc2 38. Re1 Rxc5 39. Kf2 Re5 40. g3
c5 41. gxf4 gxf4 42. Bg4 Re3 43. Rc1 e1=Q+ 44. Rxe1 Rxe1 45. Kxe1 Ke5 46. Kf2
Bd3 0-1

[Event "East Lansing (MEX/2)"]
[Site "?"]
[Date "1981.??.??"]
[Round "?"]
[White "Czuhai, Kevin"]
[Black "Poschel, Paul"]
[Result "0-1"]
[WhiteElo "2135"]
[BlackElo "2270"]
[PlyCount "166"]
[EventDate "1981.??.??"]

1. d4 d5 2. Nc3 Nf6 3. Bg5 c5 4. Bxf6 gxf6 5. e3 Nc6 6. Qh5 e6 7. O-O-O cxd4 8.
exd4 Bb4 9. Nge2 Bd7 10. Qh6 Qe7 11. g3 O-O-O 12. Qe3 Kb8 13. a3 Ba5 14. Bg2
Rhe8 15. Rhe1 f5 16. Nf4 Qf6 17. Nh5 Qh8 18. f4 a6 19. Kb1 Rc8 20. Rh1 Bb6 21.
Ne2 f6 22. Rhe1 Qf8 23. Qf3 Na7 24. Nc1 Nb5 25. Nb3 Nd6 26. g4 fxg4 27. Qxg4 f5
28. Qh4 Bd8 29. Qg3 Qf7 30. Nc5 Qxh5 31. Nxd7+ Ka7 32. Bf3 Qf7 33. Ne5 Qc7 34.
Rc1 Bf6 35. Qf2 Bxe5 36. dxe5+ Ka8 37. exd6 Qxd6 38. Qd4 Rc4 39. Qe5 Qxe5 40.
fxe5 Rh4 41. Re2 Rg8 42. Rd1 Kb8 43. b3 Kc7 44. Kb2 b5 45. Rdd2 Rh3 46. Rf2 Rg1
47. Rde2 Kd7 48. Kc3 Rg4 49. Kd2 Rd4+ 50. Ke1 a5 51. Rd2 Rdh4 52. Kf1 b4 53. a4
Ke7 54. Kg1 Rh6 55. Rd3 R3h4 56. Rg2 Kf8 57. Re3 Rf4 58. Rd3 Rfh4 59. Rgd2 Rg6+
60. Kh1 Rf4 61. Bg2 Rfg4 62. Rd4 R4g5 63. Rf4 Rg7 64. h3 Rg3 65. Kh2 Re3 66.
Bxd5 exd5 67. Rxf5+ Ke7 68. Rf6 Rg5 69. Rh6 Rgxe5 70. Rxh7+ Kd6 71. Rf2 Rc3 72.
Ra7 Rh5 73. Ra6+ Ke5 74. Re2+ Kf5 75. Rxa5 Rcxh3+ 76. Kg2 Rh2+ 77. Kf1 Rh1+ 78.
Kg2 R1h2+ 79. Kf1 Rh1+ 80. Kg2 R5h2+ 81. Kf3 Rh3+ 82. Kg2 Kg4 83. Kf2 Kf4 0-1

[Event "East Lansing (MEX/4)"]
[Site "?"]
[Date "1981.??.??"]
[Round "?"]
[White "Czuhai, Kevin"]
[Black "Pinto, M.."]
[Result "1-0"]
[WhiteElo "2135"]
[BlackElo "2025"]
[PlyCount "61"]
[EventDate "1981.??.??"]

1. d4 Nf6 2. Nc3 d5 3. Bg5 Bf5 4. e3 Nbd7 5. Nf3 e6 6. Bd3 Bxd3 7. cxd3 c6 8.
O-O Be7 9. Ne5 h6 10. Bh4 g5 11. Bg3 h5 12. f4 h4 13. fxg5 hxg3 14. gxf6 gxh2+
15. Kh1 Bd6 16. Nxd7 Kxd7 17. e4 Qb6 18. exd5 cxd5 19. Qa4+ Qc6 20. Qb3 Rac8
21. Rac1 Qb6 22. Qa4+ Rc6 23. Nb5 Qa6 24. Qb3 Rb6 25. a4 Qa5 26. Qd1 Bb8 27.
Qg4 Rxb5 28. Qg7 Qd8 29. Qxf7+ Kd6 30. axb5 Rf8 31. Qxb7 1-0

[Event "East Lansing (MEX/5)"]
[Site "?"]
[Date "1981.??.??"]
[Round "?"]
[White "Beaver, Andrew"]
[Black "Schick, A.."]
[Result "1/2-1/2"]
[WhiteElo "1985"]
[BlackElo "2095"]
[PlyCount "111"]
[EventDate "1981.??.??"]

1. c4 f5 2. Nf3 Nf6 3. g3 b6 4. Bg2 Bb7 5. O-O e6 6. d4 Be7 7. Nc3 Ne4 8. d5
Nxc3 9. bxc3 Bf6 10. Nd4 exd5 11. cxd5 O-O 12. Ba3 Rf7 13. Nxf5 Bxc3 14. Rc1
Be5 15. e4 d6 16. f4 Bf6 17. g4 Bc8 18. g5 Bxf5 19. exf5 Be7 20. Be4 Bxg5 21.
fxg5 Qxg5+ 22. Kh1 Qe3 23. Qd3 Qxd3 24. Bxd3 a5 25. Bb2 Na6 26. Bxa6 Rxa6 27.
f6 gxf6 28. Rxf6 Ra7 29. Rg1+ Kf8 30. Rxf7+ Kxf7 31. Rg7+ Kf8 32. a4 b5 33.
Rxh7 bxa4 34. Ba3 Kg8 35. Rh4 Rb7 36. Rd4 Kf7 37. Rd3 Kf6 38. h4 Kg6 39. Kg2
Rb1 40. Rd4 Kh5 41. Kf2 Rh1 42. Ke2 Rh2+ 43. Kd1 Kg6 44. Rxa4 Kf5 45. Rxa5 Rxh4
46. Kc2 Rh3 47. Bb4 Ke4 48. Ra7 Kxd5 49. Rxc7 Rf3 50. Rd7 Rf6 51. Kd2 Kc6 52.
Rd8 Kc7 53. Ba5+ Kc6 54. Ke3 Rh6 55. Bd2 Rh4 56. Kd3 1/2-1/2

[Event "East Lansing (MEX/1)"]
[Site "?"]
[Date "1981.??.??"]
[Round "?"]
[White "Beaver, Andrew"]
[Black "Daniel, Aaron"]
[Result "0-1"]
[WhiteElo "1985"]
[BlackElo "2070"]
[PlyCount "88"]
[EventDate "1981.??.??"]

1. c4 e5 2. Nc3 Nf6 3. Nf3 Nc6 4. g3 Bc5 5. Nxe5 Bxf2+ 6. Kxf2 Nxe5 7. e4 O-O
8. d4 Ng6 9. h4 d6 10. h5 Ng4+ 11. Kg2 Qf6 12. Qf3 Qxd4 13. hxg6 fxg6 14. Bf4
g5 15. Rd1 Qf6 16. Nd5 Qf7 17. Nxc7 Rb8 18. Nb5 gxf4 19. Nxd6 Qg6 20. Nf5 Bxf5
21. exf5 Rxf5 22. Bd3 Ne3+ 23. Kg1 Nxd1 24. Bxf5 Qxf5 25. Qxd1 fxg3 26. Qd5+
Qxd5 27. cxd5 Re8 28. Rh4 Re1+ 29. Kg2 Re2+ 30. Kxg3 Rxb2 31. Ra4 a6 32. Rd4
Kf7 33. a4 Ke7 34. d6+ Kd7 35. a5 Rb5 36. Rf4 g5 37. Rf7+ Kxd6 38. Rxh7 Kc5 39.
Rh1 Rxa5 40. Rc1+ Kb6 41. Kg4 Rb5 42. Rc8 a5 43. Ra8 Kc7 44. Ra7 Kb8 0-1

[Event "East Lansing (MEX/4)"]
[Site "?"]
[Date "1981.??.??"]
[Round "?"]
[White "Arganian, David G"]
[Black "Wasserman, J.."]
[Result "1/2-1/2"]
[WhiteElo "1965"]
[BlackElo "2000"]
[PlyCount "127"]
[EventDate "1981.??.??"]

1. e4 c5 2. b4 cxb4 3. a3 e5 4. Nf3 Nc6 5. Bb2 Qc7 6. axb4 Bxb4 7. Nc3 Bxc3 8.
Bxc3 Nf6 9. Ra4 O-O 10. Bb5 d6 11. h3 Bd7 12. Bb2 a6 13. Qa1 Qb6 14. Bd3 Nb4
15. Ra3 Bb5 16. Qb1 Rac8 17. O-O Nxd3 18. cxd3 Nh5 19. g3 Nxg3 20. Re1 Bd7 21.
d4 Nh5 22. dxe5 Nf4 23. Nd4 dxe5 24. Rb3 Nxh3+ 25. Kg2 Nf4+ 26. Kg1 Qf6 27. Nf5
Bxf5 28. exf5 Qc6 29. Rg3 f6 30. d4 Qc2 31. Qa2+ Qc4 32. Qa3 e4 33. Qe3 Nd3 34.
Qh6 Qf7 35. Rxe4 Kh8 36. Qd2 Nxb2 37. Qxb2 Rce8 38. Re6 Rxe6 39. fxe6 Qxe6 40.
Qxb7 g6 41. d5 Qd6 42. Re3 Rb8 43. Qf7 Qf4 44. Re8+ Rxe8 45. Qxe8+ Kg7 46. Qe7+
Kg8 47. Qe8+ Kg7 48. Qe7+ Kg8 49. Qe6+ Kf8 50. d6 f5 51. Qe7+ Kg8 52. Qe8+ Kg7
53. Qe7+ Kg8 54. Kf1 Qd2 55. Qe8+ Kg7 56. Qe7+ Kg8 57. Kg2 Qd4 58. Qe8+ Kg7 59.
Qe7+ Kg8 60. Qd8+ Kf7 61. Qc7+ Kf8 62. Qe7+ Kg8 63. Qe8+ Kg7 64. Qe7+ 1/2-1/2

[Event "East Lansing (MEX/2)"]
[Site "?"]
[Date "1981.??.??"]
[Round "?"]
[White "Arganian, David G"]
[Black "Quigley, L.."]
[Result "1/2-1/2"]
[WhiteElo "1965"]
[BlackElo "2115"]
[PlyCount "151"]
[EventDate "1981.??.??"]

1. e4 c5 2. b4 cxb4 3. a3 d5 4. exd5 Qxd5 5. Nf3 e5 6. axb4 Bxb4 7. Bb2 Nc6 8.
Na3 Bg4 9. Be2 Nf6 10. Nb5 Rc8 11. O-O Bxf3 12. gxf3 Nh5 13. c4 Qe6 14. Kh1 Bc5
15. d4 Nxd4 16. Nxd4 exd4 17. Bxd4 Bxd4 18. Qxd4 O-O 19. Rfe1 a6 20. Bd3 Qc6
21. Be4 Qxc4 22. Qxc4 Rxc4 23. Bxb7 Rc2 24. Rf1 Nf4 25. Bxa6 h6 26. Rac1 Rxc1
27. Rxc1 Rd8 28. Rc8 Rxc8 29. Bxc8 Kf8 30. h4 Ng6 31. Kh2 Nxh4 32. Kg3 Ng6 33.
f4 Ke7 34. Kg4 Kf6 35. Ba6 Ne7 36. Bc4 g6 37. Bb3 Nf5 38. Bc4 Nd6 39. Ba2 Ne4
40. Kf3 Nd6 41. Bb3 Kf5 42. Bc2+ Kf6 43. Bb3 Ke7 44. Ba2 f5 45. Bd5 Kd7 46. Ke3
Nc8 47. Bf7 Ne7 48. Kd4 Kd6 49. Be8 Ke6 50. Bb5 g5 51. fxg5 hxg5 52. Be8 Kf6
53. Bd7 Ng6 54. Ba4 Nf4 55. Bc2 Ne6+ 56. Ke3 Ke5 57. f3 Nf4 58. Bb3 Nd5+ 59.
Kf2 Kd4 60. Kg3 Ne3 61. Be6 f4+ 62. Kf2 Kd3 63. Bc8 Kd2 64. Bb7 Nc4 65. Bd5 Ne5
66. Bb7 Nd3+ 67. Kg2 Ke3 68. Kf1 Ne5 69. Kg2 Ng6 70. Kh3 Ne5 71. Kg2 Ke2 72.
Ba6+ Ke1 73. Bb5 Nf7 74. Bc6 Nh6 75. Kh3 Kf2 76. Bb7 1/2-1/2

[Event "East Lansing (MEX/1)"]
[Site "?"]
[Date "1981.??.??"]
[Round "?"]
[White "Arganian, David G"]
[Black "Gabbara, Faris"]
[Result "0-1"]
[WhiteElo "1965"]
[BlackElo "2155"]
[PlyCount "86"]
[EventDate "1981.??.??"]

1. e4 c5 2. b3 e6 3. Bb2 Nc6 4. Nf3 Qc7 5. Bb5 a6 6. Bxc6 bxc6 7. d3 d5 8. O-O
d4 9. e5 f6 10. Re1 fxe5 11. Nxe5 Nf6 12. Nd2 Be7 13. Ndc4 O-O 14. Bc1 Nd5 15.
Qg4 Rf5 16. h4 Bf6 17. f4 a5 18. g3 a4 19. Qf3 axb3 20. cxb3 Bxe5 21. Nxe5 Nb4
22. g4 Rf8 23. Qg2 Qd8 24. Qh2 Ra6 25. a4 Nd5 26. Rf1 Rb6 27. Ba3 Qe7 28. a5
Rxb3 29. Nxc6 Qb7 30. Nxd4 cxd4 31. Bxf8 Kxf8 32. f5 Ne3 33. Rfc1 e5 34. a6 Qa8
35. Rxc8+ Qxc8 36. Qxe5 Qa8 37. Qd6+ Kg8 38. Qe6+ Kh8 39. Qe4 Qb8 40. Re1 Qg3+
41. Kh1 Qxh4+ 42. Kg1 Qxe1+ 43. Kh2 Qh4+ 0-1

[Event "East Lansing (MEX/5)"]
[Site "?"]
[Date "1981.??.??"]
[Round "?"]
[White "Andrews, R.."]
[Black "Marfia, J.."]
[Result "1/2-1/2"]
[WhiteElo "2175"]
[BlackElo "2225"]
[PlyCount "99"]
[EventDate "1981.??.??"]

1. c4 Nf6 2. Nc3 g6 3. e4 d6 4. g3 Bg7 5. Bg2 O-O 6. Nge2 c5 7. d4 cxd4 8. Nxd4
Nc6 9. Nde2 Be6 10. b3 a6 11. Bd2 Rb8 12. a4 Ne5 13. Nf4 Bg4 14. f3 Bd7 15. O-O
b5 16. cxb5 axb5 17. a5 b4 18. Ncd5 Nxd5 19. Nxd5 Nc6 20. Be3 Nxa5 21. Nxe7+
Qxe7 22. Rxa5 Be6 23. Bd4 Bxd4+ 24. Qxd4 Qc7 25. Ra6 Bxb3 26. Rb1 Qc3 27. Rxd6
Rfc8 28. f4 Bc2 29. Rb2 b3 30. Rd8+ Rxd8 31. Qxc3 Rd1+ 32. Kf2 Rbd8 33. Rxb3
R1d2+ 34. Kf1 Rd1+ 35. Ke2 R1d2+ 36. Ke3 Bxb3 37. Qxd2 Rxd2 38. Kxd2 Kf8 39. h4
h6 40. Bh3 Ke7 41. Bg4 f6 42. h5 g5 43. fxg5 fxg5 44. Kc3 Ba2 45. Kd4 Kd6 46.
Be2 Bf7 47. Bd1 Be6 48. e5+ Ke7 49. Ke4 Bd7 50. Be2 1/2-1/2

[Event "East Lansing (MEX/1)"]
[Site "?"]
[Date "1981.??.??"]
[Round "?"]
[White "Andrews, R.."]
[Black "Fischvogt, Eric"]
[Result "1-0"]
[WhiteElo "2175"]
[BlackElo "2025"]
[PlyCount "65"]
[EventDate "1981.??.??"]

1. c4 Nf6 2. Nc3 e6 3. Nf3 b6 4. e4 Bb7 5. d3 c5 6. g3 d6 7. Bg2 Be7 8. O-O O-O
9. Re1 a6 10. b3 Nbd7 11. Bb2 Ra7 12. Qd2 Ba8 13. Nh4 Ne8 14. Nf3 Nef6 15. h3
Qb8 16. Nh2 b5 17. f4 Re8 18. Nf3 Bf8 19. Re2 e5 20. f5 Nh5 21. Kh2 Kh8 22. Rf2
Ndf6 23. Re1 Rae7 24. Nh4 Rd7 25. Bf3 Be7 26. Qe2 g6 27. Ng2 Rg8 28. g4 gxf5
29. gxh5 Qf8 30. Ne3 Qh6 31. Nxf5 Qf4+ 32. Kh1 Rg5 33. Bc1 1-0

[Event "East Lansing (MEX/3)"]
[Site "?"]
[Date "1981.??.??"]
[Round "?"]
[White "Andrews, R.."]
[Black "Finegold, Ron"]
[Result "1/2-1/2"]
[WhiteElo "2175"]
[BlackElo "2180"]
[PlyCount "134"]
[EventDate "1981.??.??"]

1. c4 g6 2. Nc3 Bg7 3. e4 d6 4. g3 c5 5. Bg2 Nc6 6. Nge2 h5 7. h3 e5 8. d3 Be6
9. Nd5 Qd7 10. a3 h4 11. g4 Nd4 12. Nxd4 cxd4 13. f4 f5 14. exf5 gxf5 15. Bf3
Bxd5 16. Bxd5 Nf6 17. Bf3 e4 18. g5 exf3 19. gxf6 Bxf6 20. Qxf3 O-O-O 21. Bd2
Rde8+ 22. Kf2 Rhg8 23. Rhg1 Qf7 24. Rxg8 Rxg8 25. Rg1 Re8 26. b4 Kb8 27. b5 Bd8
28. a4 Bb6 29. a5 Bc5 30. a6 d5 31. cxd5 Rd8 32. d6 Bxd6 33. Qxb7+ Qxb7 34.
axb7 Kxb7 35. Rg5 Rf8 36. Ba5 Bc5 37. Kf3 Bb6 38. Rg7+ Kb8 39. Bb4 Re8 40. Bd6+
Kc8 41. Be5 Rd8 42. Rf7 Rd5 43. Rxf5 Rxb5 44. Ke4 a5 45. Rf8+ Kd7 46. Rb8 Rb2
47. Ra8 Re2+ 48. Kd5 Rd2 49. Ra6 Rb2 50. Bxd4 Bxd4 51. Kxd4 Rh2 52. Rxa5 Rxh3
53. Rh5 Ke6 54. Ke4 Kf6 55. d4 Rh1 56. Rh6+ Kg7 57. Ra6 h3 58. Ra2 Kf6 59. Ra6+
Kg7 60. Kf5 Rd1 61. Rg6+ Kf7 62. Rh6 Rxd4 63. Rxh3 Rd5+ 64. Ke4 Ra5 65. Rh6 Rb5
66. Ra6 Rc5 67. Kf3 Rf5 1/2-1/2

[Event "7th UMD Tornado"]
[Site "Dearborn, Mich."]
[Date "1981.01.24"]
[Round "3"]
[White "Moody, David"]
[Black "Timmer, Ted"]
[Result "1-0"]
[WhiteElo "1923"]
[BlackElo "1509"]
[PlyCount "87"]
[EventDate "1981.01.24"]

1. e4 c6 2. d4 d5 3. Nc3 Nf6 4. e5 Ne4 5. Bd3 Bf5 6. Nf3 e6 7. Bxe4 Bxe4 8.
Nxe4 dxe4 9. Ng5 Qd5 10. Qg4 Qxd4 11. Nxe6 Qxe5 12. Nxf8 Rxf8 13. Qc8+ Ke7 14.
Qxb7+ Nd7 15. O-O Rfd8 16. Rd1 Qa5 17. Bf4 Qf5 18. Bd6+ Ke8 19. Qxc6 Rac8 20.
Qa4 e3 21. fxe3 Rxc2 22. Rf1 Qg6 23. Bg3 Rxb2 24. Rf2 Rb1+ 25. Rxb1 Qxb1+ 26.
Rf1 Qb6 27. Qe4+ Kf8 28. Qxh7 Qxe3+ 29. Kh1 Nf6 30. Qh8+ Ng8 31. Qh4 Nf6 32.
Qb4+ Kg8 33. Bh4 Qe2 34. Re1 Qxa2 35. Bxf6 gxf6 36. Qg4+ Kf8 37. Qb4+ Kg8 38.
Qg4+ Kf8 39. Qh4 Qe6 40. Rxe6 fxe6 41. Qxf6+ Ke8 42. Qxe6+ Kf8 43. h4 a5 44.
Qf5+ 1-0

[Event "7th UMD Tornado"]
[Site "Dearborn, Mich."]
[Date "1981.01.24"]
[Round "1"]
[White "Moody, David"]
[Black "Pfeifer, Paul"]
[Result "1-0"]
[WhiteElo "1923"]
[BlackElo "1355"]
[PlyCount "51"]
[EventDate "1981.01.24"]

1. e4 e5 2. Nf3 Nc6 3. d4 Bd6 4. Bc4 Qe7 5. O-O Nf6 6. Nc3 O-O 7. Bg5 h6 8. Nd5
Qe6 9. Nxf6+ gxf6 10. Bxe6 fxg5 11. Bf5 b6 12. Qd2 Ba6 13. Rfe1 Bb4 14. c3 Be7
15. Bxd7 Na5 16. Nxe5 Rad8 17. Bf5 Bd6 18. Nf3 Nc4 19. Qe2 Bb5 20. Nxg5 hxg5
21. Qh5 Rfe8 22. Qh6 Bf4 23. Bh7+ Kh8 24. Bg6+ Kg8 25. Qh7+ Kf8 26. Qxf7# 1-0

[Event "7th UMD Tornado"]
[Site "Dearborn, Mich."]
[Date "1981.01.24"]
[Round "2"]
[White "Flynn, Jeff"]
[Black "Moody, David"]
[Result "1/2-1/2"]
[WhiteElo "1649"]
[BlackElo "1923"]
[PlyCount "79"]
[EventDate "1981.01.24"]

1. e4 e5 2. Nf3 Nc6 3. Bc4 Nf6 4. Ng5 d5 5. exd5 Na5 6. Bb5+ c6 7. dxc6 bxc6 8.
Qf3 Rb8 9. Bxc6+ Nxc6 10. Qxc6+ Nd7 11. d4 Rb6 12. Qc4 Rf6 13. Ne4 Rg6 14. Ng5
Rf6 15. Qe2 h6 16. dxe5 Rf5 17. Nf3 Bb7 18. Nbd2 Bc5 19. e6 Bxf3 20. exd7+ Kxd7
21. Qd3+ Kc7 22. Qxd8+ Rxd8 23. Nxf3 Re8+ 24. Kf1 Rd5 25. Bf4+ Kb7 26. Re1 Red8
27. g3 g5 28. Be3 Bxe3 29. Rxe3 g4 30. Ne1 Rd1 31. Rd3 R8xd3 32. cxd3 Kc6 33.
Ke2 Rb1 34. Kd2 Kc5 35. b4+ Kb5 36. Kc2 Ra1 37. Kb2 Rd1 38. Kc2 Ra1 39. Kb3
Rb1+ 40. Kc2 1/2-1/2

[Event "7th UMD Tornado"]
[Site "Dearborn, Mich."]
[Date "1981.01.24"]
[Round "4"]
[White "Burchfield, John"]
[Black "Moody, David"]
[Result "1/2-1/2"]
[WhiteElo "1815"]
[BlackElo "1923"]
[PlyCount "27"]
[EventDate "1981.01.24"]

1. e4 e5 2. Nf3 Nc6 3. Bb5 a6 4. Bxc6 dxc6 5. O-O Qd6 6. d4 exd4 7. Qxd4 Qxd4
8. Nxd4 Bd6 9. Nc3 Ne7 10. Be3 Bd7 11. Rad1 Rc8 12. h3 c5 13. Nf3 f6 14. Nd2
1/2-1/2

[Event "Trenton Quads (February)"]
[Site "Trenton, Mich."]
[Date "1981.02.01"]
[Round "3"]
[White "Wydryck, Robert"]
[Black "Moody, David"]
[Result "1/2-1/2"]
[WhiteElo "1765"]
[BlackElo "1923"]
[PlyCount "54"]
[EventDate "1981.02.01"]

1. e4 e5 2. Nf3 Nc6 3. Bb5 a6 4. Ba4 Nf6 5. O-O Be7 6. Re1 b5 7. Bb3 O-O 8. h3
d6 9. c3 Na5 10. Bc2 c5 11. d4 Qc7 12. Nbd2 Bd7 13. Nf1 Rac8 14. dxe5 dxe5 15.
Bg5 h6 16. Bh4 Bc6 17. Bg3 Bd6 18. Qe2 Nh5 19. a4 Nf4 20. Bxf4 exf4 21. e5 Bxf3
22. exd6 Bxe2 23. dxc7 Bxf1 24. Kxf1 Nc6 25. Re4 g5 26. Rd1 Rxc7 27. h4 Kg7
1/2-1/2

[Event "Trenton Quads (February)"]
[Site "Trenton, Mich."]
[Date "1981.02.01"]
[Round "2"]
[White "Moody, David"]
[Black "Jackson, James"]
[Result "0-1"]
[WhiteElo "1923"]
[BlackElo "1841"]
[PlyCount "60"]
[EventDate "1981.02.01"]

1. e4 c5 2. d4 cxd4 3. Nf3 Nc6 4. Nxd4 g6 5. Nc3 Bg7 6. Be3 Nf6 7. Bc4 O-O 8.
Qd2 Nxe4 9. Nxe4 d5 10. Nxc6 bxc6 11. O-O-O Qc7 12. Bh6 dxc4 13. h4 Qe5 14.
Bxg7 Qxg7 15. h5 Rb8 16. Nc3 Bf5 17. f3 gxh5 18. Rxh5 Bg6 19. Rh4 Rb6 20. Rd4
Qe5 21. Rd7 Rfb8 22. Qh6 Rf8 23. Rxa7 Rxb2 24. Qxf8+ Kxf8 25. Kxb2 Qb8+ 26. Ka3
Qxa7+ 27. Kb4 Bxc2 28. Rd8+ Kg7 29. a4 Qb6+ 30. Ka3 Qb3# 0-1

[Event "Trenton Quads (February)"]
[Site "Trenton, Mich."]
[Date "1981.02.01"]
[Round "1"]
[White "Moody, David"]
[Black "Green, Douglas"]
[Result "0-1"]
[WhiteElo "1923"]
[BlackElo "1723"]
[PlyCount "76"]
[EventDate "1981.02.01"]

1. e4 e5 2. Nf3 Nc6 3. d4 exd4 4. Bc4 Nf6 5. O-O Bc5 6. e5 d5 7. exf6 dxc4 8.
Re1+ Be6 9. Ng5 Qd5 10. Nc3 Qf5 11. Nce4 Bf8 12. Nxf7 Rg8 13. Neg5 gxf6 14. Qh5
Kd7 15. Rxe6 Rxg5 16. Nxg5 fxg5 17. Re1 Be7 18. Qe2 Rf8 19. f3 d3 20. cxd3 cxd3
21. Qe4 Bc5+ 22. Be3 Qxe4 23. fxe4 Bxe3+ 24. Rxe3 Ne5 25. Rf1 Rxf1+ 26. Kxf1 c5
27. Rh3 Ke6 28. Rxh7 Nf7 29. a4 a6 30. a5 Nd6 31. Rh6+ Ke5 32. Rxd6 Kxd6 33. b3
Ke5 34. h3 Kxe4 35. Kf2 Kd4 36. g3 Kc3 37. h4 gxh4 38. gxh4 d2 0-1

[Event "Saginaw Valley Open"]
[Site "Saginaw, Mich."]
[Date "1981.03.14"]
[Round "2"]
[White "Moody, David"]
[Black "Briggs, Darlene"]
[Result "1-0"]
[WhiteElo "1923"]
[BlackElo "1228"]
[PlyCount "29"]
[EventDate "1981.03.14"]

1. e4 e6 2. d4 d5 3. Be3 Nc6 4. e5 Nge7 5. c3 Nf5 6. Nf3 Nxe3 7. fxe3 Be7 8. h4
O-O 9. Bd3 b6 10. Bxh7+ Kxh7 11. Ng5+ Bxg5 12. hxg5+ Kg6 13. Qh5+ Kf5 14. Qh3+
Kg6 15. Qh7+ 1-0

[Event "Saginaw Valley Open"]
[Site "Saginaw, Mich."]
[Date "1981.03.14"]
[Round "1"]
[White "Kukla, Thomas"]
[Black "Moody, David"]
[Result "1-0"]
[WhiteElo "1377"]
[BlackElo "1923"]
[PlyCount "109"]
[EventDate "1981.03.14"]

1. d4 Nf6 2. Nf3 g6 3. g3 Bg7 4. c4 c5 5. Nc3 cxd4 6. Nxd4 Nc6 7. Bg2 O-O 8.
O-O Nxd4 9. Qxd4 d6 10. b3 Ne4 11. Qxe4 Bxc3 12. Rb1 Bf5 13. Qf3 Bxb1 14. Qxc3
Bf5 15. Bh6 f6 16. Bxf8 Kxf8 17. Bxb7 Rb8 18. Bg2 Qb6 19. Kh1 a5 20. e4 Bd7 21.
Qc2 Qb4 22. Rb1 a4 23. Bf3 Bc6 24. Qc1 Qb7 25. Qe3 f5 26. b4 fxe4 27. Bg4 Kg7
28. b5 Rf8 29. Re1 Be8 30. Qd4+ e5 31. Qe3 h5 32. Be6 Rf3 33. Qe2 Bf7 34. Bxf7
Qxf7 35. Kg2 Rc3 36. Qxe4 Rxc4 37. Qd3 Rd4 38. Qc2 Qd5+ 39. Kg1 Qxb5 40. Qc7+
Kh6 41. Qd8 Qb7 42. h4 Qg7 43. Rc1 g5 44. Rc7 Qxc7 45. Qxc7 Rd1+ 46. Kg2 g4 47.
Qe7 d5 48. Qxe5 a3 49. Qd6+ Kg7 50. Qxa3 d4 51. Qb3 Ra1 52. Qd3 Rxa2 53. Qxd4+
Kh6 54. Qf6+ Kh7 55. Qf7+ 1-0

[Event "Saginaw Valley Open"]
[Site "Saginaw, Mich."]
[Date "1981.03.14"]
[Round "3"]
[White "Freiberger, Phil"]
[Black "Moody, David"]
[Result "0-1"]
[WhiteElo "1486"]
[BlackElo "1923"]
[PlyCount "56"]
[EventDate "1981.03.14"]

1. e4 e5 2. Nf3 Nc6 3. Bc4 Nf6 4. d3 Bc5 5. Be3 Bb6 6. Nc3 d6 7. h3 h6 8. O-O
g5 9. Qd2 g4 10. hxg4 Bxg4 11. Nh2 Rg8 12. Kh1 Qd7 13. Rg1 O-O-O 14. Nd5 Nxd5
15. Bxd5 Rg6 16. Bxb6 axb6 17. Bxc6 bxc6 18. f3 Be6 19. f4 exf4 20. Qxf4 Rdg8
21. Raf1 d5 22. Rf2 dxe4 23. Qxe4 Bd5 24. Qh4 c5 25. Nf3 Qc6 26. Qh3+ Kb8 27.
Ne5 Qe6 28. Nxg6 Qxh3# 0-1

[Event "Saginaw Valley Open"]
[Site "Saginaw, Mich."]
[Date "1981.03.15"]
[Round "5"]
[White "Skidmore, Mike"]
[Black "Moody, David"]
[Result "0-1"]
[WhiteElo "1842"]
[BlackElo "1923"]
[PlyCount "56"]
[EventDate "1981.03.14"]

1. e4 e5 2. Nf3 Nc6 3. Bb5 a6 4. Ba4 Nf6 5. O-O Be7 6. Re1 b5 7. Bb3 O-O 8. c3
d5 9. exd5 Nxd5 10. Nxe5 Nxe5 11. Rxe5 c6 12. Bxd5 cxd5 13. d4 Bd6 14. Re1 Qh4
15. g3 Qh3 16. Be3 Bg4 17. Qd3 Rae8 18. Qf1 Qh5 19. Nd2 Re6 20. Nb3 f5 21. Nc5
f4 22. Bxf4 Bxf4 23. Nxe6 Bxg3 24. hxg3 Bf3 25. Qg2 Bxg2 26. Kxg2 Qf3+ 27. Kh3
Rf6 28. Re3 Rh6# 0-1

[Event "Saginaw Valley Open"]
[Site "Saginaw, Mich."]
[Date "1981.03.15"]
[Round "4"]
[White "Moody, David"]
[Black "Shaler, Scott"]
[Result "1-0"]
[WhiteElo "1923"]
[BlackElo "1649"]
[PlyCount "61"]
[EventDate "1981.03.14"]

1. e4 c5 2. Nf3 d6 3. d4 cxd4 4. Nxd4 Nf6 5. Nc3 a6 6. Bg5 e6 7. f4 Be7 8. Qf3
Qc7 9. O-O-O b5 10. g4 Nbd7 11. Bg2 Bb7 12. Rhe1 b4 13. Nd5 Nxd5 14. exd5 Bxd5
15. Qe2 Nc5 16. Bxd5 exd5 17. Qxe7+ Qxe7 18. Rxe7+ Kf8 19. Rc7 f6 20. Bh4 Re8
21. Re1 Ne4 22. f5 Re7 23. Ne6+ Kf7 24. Rxe7+ Kxe7 25. Nf4 Kd7 26. Nxd5 Re8 27.
Nxb4 g5 28. Bg3 Nxg3 29. Rxe8 Kxe8 30. hxg3 a5 31. Nd5 1-0

[Event "Lansing Mini-Swiss (March)"]
[Site "Lansing, Mich."]
[Date "1981.03.21"]
[Round "2"]
[White "Moody, David"]
[Black "Rawley, Lloyd"]
[Result "0-1"]
[WhiteElo "1918"]
[BlackElo "2147"]
[PlyCount "34"]
[EventDate "1981.03.21"]

1. e4 e5 2. Nf3 Nc6 3. d4 exd4 4. Bc4 Bc5 5. O-O d6 6. c3 dxc3 7. Qb3 Be6 8.
Bxe6 fxe6 9. Nxc3 Qd7 10. Ng5 Nd8 11. e5 Ne7 12. Nce4 Bb6 13. Qh3 Nd5 14. Nxh7
Nf7 15. Bg5 Nxg5 16. Nhf6+ Ke7 17. Nxd7 Nxh3+ 0-1

[Event "Lansing Mini-Swiss (March)"]
[Site "Lansing, Mich."]
[Date "1981.03.21"]
[Round "1"]
[White "Laren, Phil"]
[Black "Moody, David"]
[Result "1-0"]
[WhiteElo "1991"]
[BlackElo "1918"]
[PlyCount "83"]
[EventDate "1981.03.21"]

1. e4 e5 2. Bc4 Nf6 3. Nc3 Bc5 4. d3 d6 5. f4 Nc6 6. Nf3 Bg4 7. Na4 Nd4 8. Nxc5
dxc5 9. c3 Nxf3+ 10. gxf3 Bh3 11. fxe5 Nh5 12. Be3 Qe7 13. Rg1 O-O-O 14. Qa4
Qh4+ 15. Bf2 Qf4 16. Qxa7 Qxf3 17. Qa8+ Kd7 18. Bb5+ Ke6 19. Qxb7 Nf4 20. d4
Ng2+ 21. Rxg2 Qxg2 22. Bc4+ Ke7 23. Qxc7+ Rd7 24. Qxc5+ Kd8 25. Bh4+ g5 26.
Qa5+ Ke8 27. O-O-O gxh4 28. Qa8+ Rd8 29. Qc6+ Bd7 30. Qf6 Qg8 31. Rf1 Be6 32.
d5 h6 33. dxe6 Qg5+ 34. Qxg5 hxg5 35. exf7+ Kf8 36. e6 g4 37. Rg1 g3 38. hxg3
hxg3 39. a3 Rh2 40. Rxg3 Rh1+ 41. Kc2 Rh2+ 42. Kb1 1-0

[Event "Lansing Mini-Swiss (March)"]
[Site "Lansing, Mich."]
[Date "1981.03.21"]
[Round "3"]
[White "Bailey, Greg"]
[Black "Moody, David"]
[Result "0-1"]
[WhiteElo "1898"]
[BlackElo "1915"]
[PlyCount "64"]
[EventDate "1981.03.21"]

1. d4 Nf6 2. c4 c5 3. d5 e6 4. Nc3 exd5 5. cxd5 d6 6. g3 g6 7. Bg2 Bg7 8. Nf3
O-O 9. O-O a6 10. a4 Nbd7 11. Bf4 Nb6 12. a5 Nc4 13. Qa4 b5 14. axb6 Nxb6 15.
Qc6 Ne8 16. Rfb1 Rb8 17. Bxd6 Qxd6 18. Qxd6 Nxd6 19. e4 Nbc4 20. Na4 Rb5 21.
Ra2 Nxe4 22. Bf1 Ned2 23. Nxd2 Nxd2 24. Bxb5 Nxb1 25. Bd3 Nd2 26. Nxc5 Rd8 27.
b4 Nf3+ 28. Kg2 Ne1+ 29. Kf1 Nxd3 30. Nxd3 Rxd5 31. Nc5 Rd6 32. Re2 Bh3+ 0-1

[Event "3rd UMD Mini-Swiss"]
[Site "Dearborn, Mich."]
[Date "1981.03.29"]
[Round "2"]
[White "Moody, David"]
[Black "Harris, Ulysses"]
[Result "0-1"]
[WhiteElo "1918"]
[BlackElo "1924"]
[PlyCount "106"]
[EventDate "1981.03.29"]

1. e4 Nc6 2. Bb5 d5 3. d4 dxe4 4. Nc3 Nf6 5. Bg5 e6 6. f3 exf3 7. Qxf3 Bd7 8.
O-O-O Be7 9. Bxf6 Bxf6 10. d5 Ne5 11. dxe6 Nxf3 12. Rxd7 Nxg1 13. exf7+ Kf8 14.
Rxd8+ Rxd8 15. Rxg1 Bxc3 16. bxc3 Kxf7 17. Rf1+ Ke7 18. Bc4 Rhf8 19. Re1+ Kd6
20. Re6+ Kc5 21. Bd3 Rde8 22. Rxe8 Rxe8 23. Bxh7 Rh8 24. Be4 Rxh2 25. Kb2 c6
26. Kb3 b5 27. Bf3 Rh4 28. Kb2 a5 29. Kb3 a4+ 30. Kb2 g5 31. g4 Rh3 32. Be4 a3+
33. Kxa3 b4+ 34. Kb2 Rxc3 35. Kb1 Re3 36. Bd3 Rg3 37. Bf5 Kd4 38. Kb2 c5 39.
Be6 c4 40. Bf5 Ra3 41. Be6 c3+ 42. Kc1 Ke5 43. Bb3 Kf4 44. Be6 Ra6 45. Bf5 Rxa2
46. Kb1 Ra5 47. Bc8 Ke3 48. Bd7 Kd2 49. Ba4 Ra7 50. Bb3 Ra3 51. Ba4 b3 52. cxb3
c2+ 53. Kb2 c1=Q# 0-1